[Event "CZE-chT2E 2223"]
[Site "Czech Republic"]
[Date "2023.03.26"]
[Round "11.7"]
[White "Kosut, Tomas"]
[Black "Perutka, Tomas"]
[Result "1/2-1/2"]
[WhiteElo "1858"]
[BlackElo "1782"]
[PlyCount "65"]
[EventDate "2022.10.16"]
[EventType "team-tourn"]
[EventRounds "11"]
[EventCountry "CZE"]
[SourceTitle "EXT 2024"]
[Source "ChessBase"]
[SourceDate "2023.10.10"]
[SourceVersion "1"]
[SourceVersionDate "2023.10.10"]
[SourceQuality "1"]
[WhiteTeam "Namest nad Oslavou"]
[BlackTeam "Brno Lokomotiva"]
[WhiteTeamCountry "CZE"]
[BlackTeamCountry "CZE"]

1. e4 e6 2. d3 d5 3. Nd2 Bc5 4. g3 Nc6 5. Ngf3 Nf6 6. Bg2 dxe4 7. dxe4 e5 8. 0-0 0-0 9. Qe2 Nd4 10. Nxd4 Bxd4 11. c3 Bb6 12. Nf3 Qe7 13. Be3 Bxe3 14. Qxe3 Ne8 15. Rad1 Nd6 16. b3 f6 17. Rd2 Re8 18. Re1 Bd7 19. h4 a5 20. c4 a4 21. c5 Nb5 22. b4 a3 23. Bf1 Kf8 24. Bc4 Ra4 25. Nxe5 fxe5 26. Qf3+ Qf6 27. Qxf6+ gxf6 28. Rxd7 Rxb4 29. Rf7+ Kg8 30. Re7+ Kf8 31. Rf7+ Kg8 32. Re7+ Kf8 33. Rf7+ 1/2-1/2

[Event "Pardubice Czech op-B"]
[Site "Pardubice"]
[Date "2020.09.24"]
[Round "4"]
[White "Fiala, Jan2222"]
[Black "Perutka, Tomas"]
[Result "1/2-1/2"]
[WhiteElo "1651"]
[BlackElo "1683"]
[PlyCount "63"]
[EventDate "2020.09.21"]
[EventType "swiss"]
[EventRounds "9"]
[EventCountry "CZE"]
[SourceTitle "CBM 198 Extra"]
[Source "ChessBase"]
[SourceDate "2020.11.30"]
[SourceVersion "1"]
[SourceVersionDate "2020.11.30"]
[SourceQuality "1"]

1. d4 d5 2. c4 e6 3. Nc3 Be7 4. cxd5 exd5 5. Nf3 Nf6 6. Bg5 c6 7. e3 0-0 8. Qc2 Re8 9. Bd3 Nbd7 10. 0-0 Nf8 11. Bxf6 Bxf6 12. b4 a6 13. a4 Bg4 14. Nd2 Qd6 15. Rfb1 Rac8 16. Bf5 Bxf5 17. Qxf5 Ng6 18. Ra2 Nh4 19. Qd3 g6 20. b5 axb5 21. axb5 Ra8 22. Rxa8 Rxa8 23. bxc6 bxc6 24. g3 Nf5 25. Nb3 Bg7 26. Nc5 Ra7 27. N3a4 Qc7 28. Qb3 Bf8 29. Qb8 Nd6 30. Qxc7 Rxc7 31. Na6 Rb7 32. Rxb7 1/2-1/2

[Event "Brno op"]
[Site "Brno"]
[Date "2015.08.27"]
[Round "6"]
[White "Paulik, Martin"]
[Black "Perutka, Tomas"]
[Result "1/2-1/2"]
[WhiteElo "1891"]
[BlackElo "1756"]
[PlyCount "58"]
[EventDate "2015.08.23"]
[EventType "swiss"]
[EventRounds "9"]
[EventCountry "CZE"]
[SourceTitle "EXT 2016"]
[Source "ChessBase"]
[SourceDate "2015.10.08"]
[SourceVersion "1"]
[SourceVersionDate "2015.10.08"]
[SourceQuality "1"]

1. b4 e5 2. Bb2 d6 3. e3 g6 4. b5 Bg7 5. Nf3 Nf6 6. c4 0-0 7. Be2 h6 8. d4 exd4 9. exd4 a6 10. a4 Be6 11. 0-0 Nbd7 12. Nbd2 d5 13. Qb3 c5 14. a5 cxd4 15. Bxd4 Ne4 16. Bxg7 Kxg7 17. cxd5 Bf5 18. Nxe4 Bxe4 19. Nd2 Nf6 20. Nxe4 Nxe4 21. Bf3 Nd6 22. b6 Rc8 23. Rfc1 Qe7 24. Qe3 Qf6 25. g3 Nc4 26. Qf4 Qxf4 27. gxf4 Nd6 28. Re1 Rfe8 29. Rxe8 Rxe8 1/2-1/2

[Event "Brno op"]
[Site "Brno"]
[Date "2015.08.23"]
[Round "1"]
[White "Skacelik, Petr"]
[Black "Perutka, Tomas"]
[Result "1-0"]
[WhiteElo "2172"]
[BlackElo "1756"]
[PlyCount "129"]
[EventDate "2015.08.23"]
[EventType "swiss"]
[EventRounds "9"]
[EventCountry "CZE"]
[SourceTitle "EXT 2016"]
[Source "ChessBase"]
[SourceDate "2015.10.08"]
[SourceVersion "1"]
[SourceVersionDate "2015.10.08"]
[SourceQuality "1"]

1. d4 Nf6 2. c4 g6 3. Nc3 Bg7 4. e4 d6 5. f3 0-0 6. Be3 Nc6 7. Nge2 a6 8. Qd2 Rb8 9. Nc1 e5 10. d5 Nd4 11. N1e2 c5 12. dxc6 Nxc6 13. Rd1 Be6 14. b3 Qa5 15. Nd5 Qxd2+ 16. Rxd2 Bxd5 17. cxd5 Ne7 18. Rc2 Rfc8 19. Kd2 Rxc2+ 20. Kxc2 Rc8+ 21. Kd2 Nd7 22. Nc3 f5 23. Bd3 f4 24. Bf2 Kf7 25. Rc1 Bf6 26. b4 Ke8 27. Rb1 Ng8 28. a4 Bd8 29. a5 h6 30. Kc2 Ngf6 31. Kb3 Ke7 32. Na4 g5 33. Nb2 Ne8 34. Nc4 Nc7 35. h4 Nb5 36. hxg5 hxg5 37. Rh1 Nf6 38. Rh8 Kd7 39. Rh6 g4 40. Bh4 gxf3 41. gxf3 Ng8 42. Rh7+ Ke8 43. Bf2 Rc7 44. Rh8 Rg7 45. Bf1 Bf6 46. Bh3 Rg3 47. Bxg3 Bxh8 48. Bf2 Ne7 49. Nb6 Bf6 50. Kc4 Kd8 51. Kd3 Kc7 52. Nc4 Kd8 53. Bb6+ Ke8 54. Bg4 Ng6 55. Bc8 Nh4 56. Nd2 Bd8 57. Bf2 Nc7 58. Bxb7 Ng6 59. Bb6 Kd7 60. Nc4 Ne7 61. Bxc7 Bxc7 62. Bxa6 Bb8 63. b5 Nc8 64. b6 Kd8 65. Bxc8 1-0

[Event "Brno Duras op"]
[Site "Brno"]
[Date "2015.06.28"]
[Round "2"]
[White "Bata, Jiri"]
[Black "Perutka, Tomas"]
[Result "0-1"]
[WhiteElo "1583"]
[BlackElo "1717"]
[PlyCount "82"]
[EventDate "2015.06.27"]
[EventType "swiss"]
[EventRounds "9"]
[EventCountry "CZE"]
[SourceTitle "CBM 167 Extra"]
[Source "ChessBase"]
[SourceDate "2015.09.14"]
[SourceVersion "1"]
[SourceVersionDate "2015.09.14"]
[SourceQuality "1"]

1. e4 e6 2. d4 d5 3. e5 c5 4. c3 Nc6 5. Bb5 Qb6 6. Bxc6+ bxc6 7. Ne2 cxd4 8. cxd4 c5 9. 0-0 Ba6 10. Nbc3 Ne7 11. dxc5 Qxc5 12. Qa4+ Qc6 13. Re1 Qxa4 14. Nxa4 Nc6 15. Bf4 Nb4 16. Nd4 Nd3 17. Be3 Nxe1 18. Rxe1 Rc8 19. f4 Bb4 20. Rd1 0-0 21. f5 Rfe8 22. a3 Bf8 23. b4 Bc4 24. g4 exf5 25. Nc5 Bxc5 26. bxc5 Rxe5 27. Bf4 Re4 28. Bd6 Rxg4+ 29. Kf2 g6 30. Nf3 Re8 31. Ne5 Rf4+ 32. Kg3 Rf1 33. Rd4 Re1 34. Nxc4 dxc4 35. Rxc4 R1e3+ 36. Kf2 R3e6 37. Ra4 Ra8 38. Ra6 Rd8 39. a4 Rexd6 40. Rxd6 Rxd6 41. cxd6 Kf8 0-1

[Event "Brno Duras op-B"]
[Site "Brno"]
[Date "2014.07.01"]
[Round "4"]
[White "Perutka, Tomas"]
[Black "Martirosyan, Artyom"]
[Result "0-1"]
[WhiteElo "1294"]
[BlackElo "1562"]
[PlyCount "74"]
[EventDate "2014.06.28"]
[EventType "swiss"]
[EventRounds "9"]
[EventCountry "CZE"]
[SourceTitle "EXT 2017"]
[Source "ChessBase"]
[SourceDate "2016.10.25"]
[SourceVersion "1"]
[SourceVersionDate "2016.10.25"]
[SourceQuality "1"]

1. e4 c6 2. d4 g6 3. c4 d5 4. Nc3 dxe4 5. Nxe4 Bg7 6. Nf3 Nd7 7. Be2 Ngf6 8. Nxf6+ Nxf6 9. 0-0 Ne4 10. Be3 Bf5 11. Ne1 Qc7 12. Bd3 Rd8 13. f3 Nd6 14. Nc2 0-0 15. Bf4 Qc8 16. Re1 Bxd3 17. Qxd3 Nf5 18. Be3 c5 19. g4 Nh4 20. Bg5 Bf6 21. Bxf6 exf6 22. d5 Qc7 23. Re4 f5 24. gxf5 Nxf5 25. Rae1 Nd6 26. Re7 Qc8 27. Kg2 Nf5 28. R7e5 Nh4+ 29. Kg3 Nf5+ 30. Kg2 Ng7 31. Re7 Nh5 32. Qe4 b5 33. Na3 bxc4 34. Nxc4 Rxd5 35. Rxa7 Rd4 36. Qc2 Nf4+ 37. Kg3 Qh3+ 0-1

[Event "Brno Duras op-B"]
[Site "Brno"]
[Date "2014.06.29"]
[Round "2"]
[White "Perutka, Tomas"]
[Black "Barak, David"]
[Result "1/2-1/2"]
[WhiteElo "1294"]
[BlackElo "1409"]
[PlyCount "92"]
[EventDate "2014.06.28"]
[EventType "swiss"]
[EventRounds "9"]
[EventCountry "CZE"]
[SourceTitle "EXT 2017"]
[Source "ChessBase"]
[SourceDate "2016.10.25"]
[SourceVersion "1"]
[SourceVersionDate "2016.10.25"]
[SourceQuality "1"]

1. e4 c5 2. Nc3 Nc6 3. g3 d6 4. Bg2 Nf6 5. d3 g6 6. f4 e5 7. Nf3 Bg4 8. h3 Bxf3 9. Qxf3 Nd4 10. Qd1 Qb6 11. Ne2 0-0-0 12. 0-0 Be7 13. c3 Nxe2+ 14. Qxe2 Nh5 15. Kh2 f6 16. Be3 exf4 17. gxf4 Ng7 18. b4 Qc7 19. bxc5 dxc5 20. d4 Rd7 21. Rab1 b6 22. e5 fxe5 23. fxe5 Nf5 24. Bf4 Kd8 25. e6 Bd6 26. Qe4 Bxf4+ 27. Qxf4 Qxf4+ 28. Rxf4 Rc7 29. d5 Ke7 30. Re1 Kd6 31. h4 Re7 32. Kh3 Rf8 33. Kg4 Nh6+ 34. Kg5 Rxf4 35. Kxf4 Nf5 36. h5 Nh4 37. Be4 gxh5 38. Kg5 Ng6 39. c4 h4 40. Bxg6 hxg6 41. Kxg6 b5 42. cxb5 h3 43. Kf6 h2 44. Rh1 Rh7 45. e7 Rxe7 46. Rxh2 Rb7 1/2-1/2